| 000 | 00648nam a2200241 a 4500 | ||
|---|---|---|---|
| 001 | nice12345678 | ||
| 003 | IN_TiNIC | ||
| 005 | 20260116011802.0 | ||
| 008 | 050524s1972 luca grp 000 0 ara | ||
| 020 |
_a _c100 |
||
| 082 | 0 | 0 |
_a892.7209 _bNAD |
| 100 | _aNadvi, Mohdur Rabi Al Hasni | ||
| 245 | _aAl-Adabul Arabic Bayan Ard-O-Naqd | ||
| 260 |
_aLucknow _bMaktaba Darul Uloom Nadwatul Ulama _c1972 |
||
| 300 | _a184p | ||
| 500 | _aincludes index and biblioraphy | ||
| 505 | 2 | _a3 Part Bound in One | |
| 650 | _aPersian Literature-History | ||
| 700 | 1 | _aNadvi, Mohdur Rabi Al Hasni | |
| 902 | _bSRS | ||
| 942 | _cBK | ||
| 999 |
_c3956 _d3956 |
||